| 000 | 00694nam a2200181Ia 4500 | ||
|---|---|---|---|
| 008 | 090201s9999 xx 000 0 und d | ||
| 010 | _aKPL-65994 | ||
| 040 | _bमराठी | ||
| 041 | _aमराठी | ||
| 082 |
_a5367 _b65994 |
||
| 100 | _aसुरेशचंद्र नाडकर्णी | ||
| 245 |
_aनॉस्ट्रॉडेमसची भविष्यवाणी _cसुरेशचंद्र नाडकर्णी |
||
| 250 | _a1 | ||
| 260 |
_c2003 _bमेहता पब्लिशिंग हाऊस |
||
| 300 |
_a121 _bमध्यम |
||
| 600 | _aनॉस्ट्रॉडेमसची भविष्यवाणी | ||
| 942 | _cBOOK | ||
| 999 |
_c206284 _d206284 |
||